000 00747nam a2200289Ia 4500
005 20260324115359.0
008 008 260324s9999 xx 000 0 eng d
020 _a9781003445616
037 _aEBOOK
040 _aCRL
040 _beng
040 _cCRL
041 _2eng
041 _aeng
084 _qCRL
100 _aE. Gordon Gee; Darla K. Deardorff; Harvey Charles; Allan E. Goodman
_91154442
245 0 _aLeading Internationalization
245 2 _bA Handbook for International Education Leaders
260 _bTaylor and Francis
260 _c2018
365 _a
365 _b230
856 _uhttp://www.taylorfrancis.com/books/9781003445616
942 _cEBOOK
999 _c1745289
_d1745289